Gandhadīpa. (Record no. 74510)
[ view plain ]
| 000 -LEADER | |
|---|---|
| fixed length control field | 00541cam a22002171 4500 |
| 001 - CONTROL NUMBER | |
| control field | sa 67004472 |
| 003 - CONTROL NUMBER IDENTIFIER | |
| control field | DLC |
| 005 - DATE AND TIME OF LATEST TRANSACTION | |
| control field | 20260227112347.0 |
| 008 - FIXED-LENGTH DATA ELEMENTS--GENERAL INFORMATION | |
| fixed length control field | 890606s1966 ii 000 0 hino |
| 010 ## - LIBRARY OF CONGRESS CONTROL NUMBER | |
| LC control number | sa 67004472 |
| 035 ## - SYSTEM CONTROL NUMBER | |
| System control number | (OCoLC)19824641 |
| 040 ## - CATALOGING SOURCE | |
| Original cataloging agency | DLC |
| Transcribing agency | WaU |
| Modifying agency | ICRL |
| -- | DLC |
| 042 ## - AUTHENTICATION CODE | |
| Authentication code | premarc |
| 050 00 - LIBRARY OF CONGRESS CALL NUMBER | |
| Classification number | PK2098.22.U654 |
| Item number | G3 |
| 100 1# - MAIN ENTRY--PERSONAL NAME | |
| Personal name | Gupta, Rameśacandra, |
| Dates associated with a name | 1940- |
| 245 10 - TITLE STATEMENT | |
| Title | Gandhadīpa. |
| 260 ## - PUBLICATION, DISTRIBUTION, ETC. | |
| Date of publication, distribution, etc. | [1967, i.e. 1966] |
| 300 ## - PHYSICAL DESCRIPTION | |
| Extent | 80 p. |
| Dimensions | 22 cm. |
| 500 ## - GENERAL NOTE | |
| General note | In Hindi. |
| 700 1# - ADDED ENTRY--PERSONAL NAME | |
| Personal name | Śarmā, Manohara, |
| Dates associated with a name | 1914- |
No items available.